La construcción de conocimientos

Uloženo v:
Podrobná bibliografie
Hlavní autor: Bacáicoa Ganuza, Fernando (Autor)
Médium: Kniha
Jazyk:španělština
Vydáno: Bilbao Universidad del País Vasco 1996
Edice:Educación y Psicología
Témata:
Tagy: Přidat tag
Žádné tagy, Buďte první, kdo vytvoří štítek k tomuto záznamu!

MARC

LEADER 00000nam a2200000 a 4500
001 UCM7469
003 CL-VaPUC
008 021220e19960000SP |||||||||||||||||spa|d
082 0 4 |a 153.4  |b BAC  |2 21 
100 0 |a Bacáicoa Ganuza, Fernando  |e author  |9 473065 
245 1 3 |a La construcción de conocimientos 
300 |a 238 p 
942 |c BK 
945 |d 20021220 00:00:00  |a cmena 
260 |a Bilbao  |b Universidad del País Vasco  |c 1996 
650 0 |a Cognición   |9 270347 
650 0 |a Psicología cognitiva   |9 306250 
650 0 |a Psicología del desarrollo  |9 307541 
650 0 |a Procesos mentales superiores  |9 330839 
650 0 |a Lógica  |9 256849 
650 0 |a Creatividad   |9 310816 
583 |a last modification  |c 20021220 00:00:00  |k Rodrigo Vera 
490 0 |a Educación y Psicología 
999 |c 302260  |d 302258 
952 |0 0  |1 0  |4 0  |6 153_400000000000000_BAC_1996  |7 0  |8 A  |9 362417  |a FDOPOS  |b FDOPOS  |d 2019-11-21  |i 3869709  |o 153.4 BAC 1996  |p 3869709  |r 2025-01-22  |w 2019-11-21  |y BK  |k MLA